| 000 | 00512cam a22001817a 4500 | ||
|---|---|---|---|
| 008 | 180718b1961 xxu||||| |||| 00| 0 eng d | ||
| 082 | _aT000x51 H874/61 | ||
| 100 | _aHughes, T.J. | ||
| 245 |
_aThe Economic development of Communist China 1949-1960 _cby T.J. Hughes and D.E.T. Luard |
||
| 250 | _a2nd ed. | ||
| 260 |
_aLondon _bOUP _c1961 |
||
| 300 | _a229p. | ||
| 440 | _abibl. | ||
| 500 | _a25/- | ||
| 650 | _aChina - Economic Conditions | ||
| 650 | _aEconomic Planning - China | ||
| 700 | _aLuard, D.E.T. | ||
| 999 |
_c368560 _d368560 |
||